Introduction to generative AI with Julia and Python : from theory to practice /

Elevate your coding capabilities and gain the skills necessary for maximized performance and career opportunities in the field of Artificial Intelligence.This book is a step-by-step guide designed to equip software engineers with solid foundation of Generative AI basics.

Bibliographic Details
Main Author: Riti, Pierluigi (Author)
Format: eBook
Language:English
Published: Berkeley, CA : Apress L. P., 2026.
Series:Professional and Applied Computing Series.
Subjects:

MARC

Tag First Indicator Second Indicator Subfields
LEADER 00000cam a2200000 i 4500
001 in00005777049
005 20260330145239.2
006 m o d
007 cr cnu||||||||
008 260207s2026 caua o 000 0 eng d
040 |a EBLCP  |b eng  |e rda  |c EBLCP  |d YDX  |d ORMDA  |d OCLCO  |d QGK  |d EBLCP  |d GW5XE 
019 |a 1570717165  |a 1572182097 
020 |a 9798868823299 (electronic bk.) 
020 |z 9798868823282 
024 7 |a 10.1007/979-8-8688-2329-9  |2 doi 
035 |a (OCoLC)1572094735  |z (OCoLC)1570717165  |z (OCoLC)1572182097 
037 |a 9798868823299  |b O'Reilly Media 
050 4 |a Q335  |b .R57 2026 
072 7 |a UMX  |2 bicssc 
072 7 |a COM051010  |2 bisacsh 
072 7 |a UMX  |2 thema 
082 0 4 |a 006.3  |2 23/eng/20260210 
100 1 |a Riti, Pierluigi.  |1 https://id.oclc.org/worldcat/entity/E39PCjqtvjjTCYVcrctMQvgyv3,  |e author 
245 1 0 |a Introduction to generative AI with Julia and Python :  |b from theory to practice /  |c Pierluigi Riti. 
264 1 |a Berkeley, CA :  |b Apress L. P.,  |c 2026. 
300 |a 1 online resource (xiii, 248 pages) :  |b illustrations 
336 |a text  |b txt  |2 rdacontent 
337 |a computer  |b c  |2 rdamedia 
338 |a online resource  |b cr  |2 rdacarrier 
341 0 |b PDF/UA-1  |2 onix 
341 0 |b No reading system accessibility options actively disabled  |2 onix 
341 0 |b Table of contents navigation  |2 onix 
341 0 |b Single logical reading order  |2 onix 
341 0 |b Short alternative textual descriptions  |2 onix 
341 0 |b Use of color is not sole means of conveying information  |2 onix 
341 0 |b Use of high contrast between text and background color  |2 onix 
341 0 |b Next / Previous structural navigation  |2 onix 
341 0 |b All non-decorative content supports reading without sight  |2 onix 
341 0 |3 PDF  |b All non-decorative content supports reading without sight  |2 onix 
341 0 |3 PDF  |b Next / Previous structural navigation  |2 onix 
341 0 |3 PDF  |b PDF/UA-1  |2 onix 
341 0 |3 PDF  |b Short alternative textual descriptions  |2 onix 
341 0 |3 PDF  |b Single logical reading order  |2 onix 
341 0 |3 PDF  |b Table of contents navigation  |2 onix 
341 0 |3 PDF  |b Use of color is not sole means of conveying information  |2 onix 
341 0 |3 PDF  |b Use of high contrast between text and background color  |2 onix 
347 |a text file  |b PDF  |2 rda 
490 1 |a Professional and Applied Computing Series 
500 |a Description based upon print version of record. 
520 |a Elevate your coding capabilities and gain the skills necessary for maximized performance and career opportunities in the field of Artificial Intelligence.This book is a step-by-step guide designed to equip software engineers with solid foundation of Generative AI basics. 
532 8 |a Publisher contact for further accessibility information: accessibilitysupport@springernature.com 
505 0 |a Chapter 1:Artificial Intelligence: A Gentle Introduction -- Chapter 2:Introduction to Julia -- Chapter3: Introduction to Python -- Chapter 4: Introduction to Generative Artificial Intelligence -- Chapter 5: Generative Adversarial Models -- Chapter 6: Autoencoder -- Chapter 7: Variational Autoencoder. 
532 8 |3 PDF  |a Accessibility summary: This PDF has been created in accordance with the PDF/UA-1 standard to enhance accessibility, including screen reader support, described non-text content (images, graphs), bookmarks for easy navigation, keyboard-friendly links and forms and searchable, selectable text. We recognize the importance of accessibility, and we welcome queries about accessibility for any of our products. If you have a question or an access need, please get in touch with us at accessibilitysupport@springernature.com. Please note that a more accessible version of this eBook is available as ePub. 
532 8 |3 PDF  |a No reading system accessibility options actively disabled 
532 8 |3 PDF  |a Publisher contact for further accessibility information: accessibilitysupport@springernature.com 
650 0 |a Generative artificial intelligence. 
650 0 |a Julia (Computer program language) 
650 0 |a Python (Computer program language) 
650 6 |a Julia (Langage de programmation)  |0 (CaQQLa)000311405 
650 6 |a Python (Langage de programmation)  |0 (CaQQLa)201-0351937 
655 0 |a Electronic books. 
776 0 8 |i Print version:  |a Riti, Pierluigi  |t Introduction to Generative AI with Julia and Python  |d Berkeley, CA : Apress L. P.,c2026  |z 9798868823282 
776 0 8 |i Print version:  |z 9798868823282  |w (OCoLC)1548563766 
776 0 8 |z 9798868823282 
830 0 |a Professional and Applied Computing Series. 
852 8 |b POD  |z This title is available for the library to purchase for your use. Click the "Purchase It For Me" button to place a request. This item will take 5-10 business days to arrive. 
955 |a Ebook POD title 
961 |m 565731 
999 f f |i 2ac0b887-c55c-4bdc-a98b-ea376247e8af  |s 1f613e6d-dcbe-491d-ae82-74b90e9f848c  |t 0 
952 f f |a Texas A&M University  |b College Station  |c Sterling C. Evans Library  |s Evans POD  |d Purchase on Demand  |t 0  |e Q335 .R57 2026  |h Library of Congress classification 
998 f f |a Q335 .R57 2026  |t 0  |l Purchase on Demand